Statistics for kpop guess the group by songs

Click here to take the quiz!

General Stats

  • This quiz has been taken 261 times
  • The average score is 13 of 15

Answer Stats

HintAnswer% Correct
pink venom, boombayah, lovesick girlsblackpink
99%
talk that talk, fancy, feel specialtwice
98%
girls, black mamba, savageaespa
96%
crown, good boy gone bad, dramatxt
96%
black swan, yet to come, dimplebts
95%
after like, love dive, elevenive
95%
hype boy, attention, cookienew jeans
95%
fever, tamed-dashed, pass the micenhypen
92%
fearless, sour grapes, blue flamele sserafim
89%
jikjin, boy, going crazytreasure
83%
gee, forever 1, the boyssnsd
75%
nanana, if you do, just rightgot7
74%
juliette, sherlock, atlantisshinee
72%
mamacita, sorry sorry, mr simplesuper junior
69%
blue, still life, bad boybigbang
51%

Score Distribution

Percentile by Number Answered

Percent of People with Each Score

Your Score History

You have not taken this quiz